[Event "Online Olym Top DivB 2021"]
[Site "chess.com INT"]
[Date "2021.09.10"]
[Round "7.1"]
[Board "3"]
[White "Koneru, Humpy"]
[Black "Hoang, Thanh Trang"]
[Result "1-0"]
[WhiteTitle "GM"]
[BlackTitle "GM"]
[WhiteElo "2586"]
[BlackElo "2380"]
[WhiteTeam "India"]
[BlackTeam "Hungary"]
[WhiteFideId "5008123"]
[BlackFideId "12400149"]
[EventDate "2021.09.08"]
[EventType "team"]

1. Nf3 f5 2. g3 Nf6 3. Bg2 e6 4. c4 d5 5. O-O Bd6 6. d3 O-O 7. Nc3 dxc4 8. dxc4
e5 9. c5 Bxc5 10. Qb3+ Kh8 11. Nxe5 Qd6 12. Bxb7 Qxe5 13. Bxa8 Be6 14. Bf4 Qxf4
15. gxf4 Bxb3 16. axb3 c6 17. Rfc1 Nfd7 18. Na4 Bd6 19. Bxc6 Bxf4 20. e3 Be5 21.
f4 Bf6 22. Bxd7 Nxd7 23. Rc7 Nb6 24. Nxb6 axb6 25. Rac1 Bxb2 26. Rc8 Kg8 27.
Rxf8+ Kxf8 28. Rc6 Ba3 29. Rxb6 Bc5 30. Rb8+ Kf7 31. Kf2 g5 32. Rb5 1-0

[Event "Online Olym Top DivB 2021"]
[Site "chess.com INT"]
[Date "2021.09.10"]
[Round "7.1"]
[Board "4"]
[White "Havanecz, Bianka"]
[Black "Harika, Dronavalli"]
[Result "1/2-1/2"]
[WhiteTitle "WIM"]
[BlackTitle "GM"]
[WhiteElo "2224"]
[BlackElo "2511"]
[WhiteTeam "Hungary"]
[BlackTeam "India"]
[WhiteFideId "704814"]
[BlackFideId "5015197"]
[EventDate "2021.09.08"]
[EventType "team"]

1. d4 d5 2. c4 e6 3. Nf3 Nf6 4. g3 Bb4+ 5. Bd2 Be7 6. Bg2 O-O 7. O-O c6 8. Qc2
Nbd7 9. Bf4 b6 10. Nbd2 Bb7 11. Rfd1 Nh5 12. Be3 Nhf6 13. Bf4 Nh5 14. Be3 Rc8
15. Rac1 Nhf6 16. Bf4 Nh5 17. Be3 Nhf6 18. Bf4 Nh5 19. Be3 1/2-1/2

[Event "Online Olym Top DivB 2021"]
[Site "chess.com INT"]
[Date "2021.09.10"]
[Round "7.1"]
[Board "5"]
[White "Nihal, Sarin"]
[Black "Borhy, Marcell"]
[Result "1-0"]
[WhiteTitle "GM"]
[BlackTitle "IM"]
[WhiteElo "2652"]
[BlackElo "2374"]
[WhiteTeam "India"]
[BlackTeam "Hungary"]
[WhiteFideId "25092340"]
[BlackFideId "770787"]
[EventDate "2021.09.08"]
[EventType "team"]

1. Nf3 d5 2. d4 Nf6 3. Bf4 c5 4. e3 Nc6 5. Nbd2 Qb6 6. dxc5 Qxb2 7. Rb1 Qc3 8.
Bb5 e6 9. O-O Be7 10. e4 Qxc5 11. Be3 Qa3 12. exd5 Nxd5 13. Bd4 Nc3 14. Bxc3
Qxc3 15. Ne4 Qa5 16. Bxc6+ bxc6 17. Nd6+ Bxd6 18. Qxd6 Qd8 19. Qc5 Qc7 20. Rfd1
f6 21. Rd6 Bd7 22. Rbd1 O-O-O 23. Nd2 e5 24. h3 Qb6 25. Qc3 Qa6 26. Ne4 Qe2 27.
Rxc6+ Kb8 28. Rb1+ Ka8 29. Rc7 Qxe4 30. Rxa7+ Kxa7 31. Qa5# 1-0

[Event "Online Olym Top DivB 2021"]
[Site "chess.com INT"]
[Date "2021.09.10"]
[Round "7.1"]
[Board "6"]
[White "Karacsonyi, Kata"]
[Black "Vaishali, R"]
[Result "1/2-1/2"]
[WhiteTitle "WFM"]
[BlackTitle "WGM"]
[WhiteElo "2036"]
[BlackElo "2414"]
[WhiteTeam "Hungary"]
[BlackTeam "India"]
[WhiteFideId "769584"]
[BlackFideId "5091756"]
[EventDate "2021.09.08"]
[EventType "team"]

1. e4 e5 2. Nf3 Nc6 3. Bb5 a6 4. Ba4 Bc5 5. O-O d6 6. c3 Bd7 7. d4 Ba7 8. Bxc6
Bxc6 9. dxe5 dxe5 10. Nxe5 Qxd1 11. Rxd1 Bxe4 12. Re1 f5 13. Nd2 Nf6 14. Nxe4
fxe4 15. Be3 Bxe3 16. Rxe3 O-O 17. h3 Rad8 18. Rae1 h5 19. R3e2 Rfe8 20. Nc4 Re6
21. Nd2 Rb6 22. b3 Rd3 23. c4 e3 24. fxe3 Rbd6 25. Nf3 Ne4 26. Rc2 c5 27. Kh2 g5
28. Ne5 Rd1 29. Rxd1 Rxd1 30. g4 h4 31. Nf3 Kg7 32. Kg2 Kf6 33. Kh2 Ng3 34. Kg2
Rd3 35. Kf2 Rd1 36. Kg2 Ne4 37. Kh2 b6 38. Kg2 Rd3 39. Re2 Nc3 40. Re1 Ne4 41.
Re2 Rd1 42. Rc2 1/2-1/2

[Event "Online Olym Top DivB 2021"]
[Site "chess.com INT"]
[Date "2021.09.10"]
[Round "7.2"]
[Board "1"]
[White "Bologan, Victor"]
[Black "Stupak, Kirill"]
[Result "1/2-1/2"]
[WhiteTitle "GM"]
[BlackTitle "GM"]
[WhiteElo "2574"]
[BlackElo "2492"]
[WhiteTeam "Moldova"]
[BlackTeam "Belarus"]
[WhiteFideId "13900048"]
[BlackFideId "13503758"]
[EventDate "2021.09.08"]
[EventType "team"]

1. e4 e6 2. d4 d5 3. exd5 exd5 4. Nf3 Bf5 5. Bd3 Bxd3 6. Qxd3 c6 7. O-O Bd6 8.
b3 Ne7 9. c4 Nd7 10. Nc3 O-O 11. Bg5 f6 12. Bh4 Re8 13. Rfe1 Bb4 14. Bg3 Nf8 15.
h3 Qd7 16. a3 Bxc3 17. Qxc3 Nf5 18. Bh2 Nd6 19. Rxe8 Rxe8 20. cxd5 cxd5 21. Qa5
Nc8 22. Rc1 Ne6 23. g4 b6 24. Qa6 Ne7 25. Bg3 Ng6 26. Kh2 Nef4 27. Qa4 Qxa4 28.
bxa4 Ne6 29. Rc6 Kf7 30. Rd6 Rd8 31. Rc6 Ne7 32. Rc3 Rc8 33. Rb3 Nc6 34. Rd3 Na5
35. Nd2 Rc2 36. Kg2 Nc6 37. Nf1 Ncxd4 38. Ne3 Rc5 39. Nf5 Nxf5 40. gxf5 Nd8 41.
Bd6 Ra5 42. Bb4 Rxa4 43. Rxd5 Ke8 44. Rd6 a5 45. Bd2 Rxa3 46. Rxb6 a4 47. Ra6
Rd3 48. Bb4 Rd4 49. Ba3 h5 50. Ra7 Nc6 51. Rc7 Rc4 52. Rxg7 Rc3 53. Bb2 Rb3 54.
Bxf6 Rb5 55. Rg5 a3 56. Rxh5 a2 57. Rh8+ Kf7 58. Bc3 Rb3 59. Ra8 Rxc3 60. Rxa2
Ne7 61. Ra5 Kf6 62. Ra4 Nxf5 63. Rf4 Kg5 64. Rg4+ Kh5 65. Rf4 Nh4+ 66. Kh2 Nf3+
67. Kg2 Ng5 68. h4 Ne6 69. Re4 Ng7 70. f3 Nf5 71. Re5 Kg6 72. Re4 Ra3 73. Rg4+
Kf6 74. Rf4 Kg6 75. Rg4+ Kh6 76. Rf4 Ng7 77. Kh3 Nh5 78. Rf5 Kg6 79. Rg5+ Kh6
80. Rf5 Kg6 81. Rg5+ Kh6 82. Rf5 1/2-1/2

[Event "Online Olym Top DivB 2021"]
[Site "chess.com INT"]
[Date "2021.09.10"]
[Round "7.2"]
[Board "2"]
[White "Nikitenko, Mihail"]
[Black "Schitco, Ivan"]
[Result "1-0"]
[WhiteTitle "IM"]
[BlackTitle "IM"]
[WhiteElo "2501"]
[BlackElo "2473"]
[WhiteTeam "Belarus"]
[BlackTeam "Moldova"]
[WhiteFideId "13506862"]
[BlackFideId "13905465"]
[EventDate "2021.09.08"]
[EventType "team"]

1. e4 c5 2. Nf3 d6 3. d4 cxd4 4. Nxd4 Nf6 5. Nc3 Nc6 6. Bg5 e6 7. Qd2 a6 8. f3
Nxd4 9. Qxd4 Bd7 10. O-O-O Be7 11. Bxf6 gxf6 12. Kb1 Qc7 13. Bc4 b5 14. Bb3 Qc5
15. f4 Qxd4 16. Rxd4 Rc8 17. a4 h5 18. Rhd1 Rg8 19. R1d2 Rg4 20. axb5 axb5 21.
f5 h4 22. fxe6 fxe6 23. Nxb5 h3 24. g3 Bxb5 25. Bxe6 Bd7 26. Bxg4 Bxg4 27. e5
Bd7 28. exf6 Bf8 29. g4 Rc5 30. R2d3 Kf7 31. Rxh3 Kg6 32. Rh8 Rc8 33. h4 Kxf6
34. Rh7 Be6 35. Rb7 Ke5 36. c3 d5 37. Rb5 Bc5 38. Rd2 Be3 39. Rd1 Rc4 40. Re1
Kf4 41. g5 Bf5+ 42. Ka2 Bc2 43. Ra5 Kf3 44. b3 Rxc3 45. Kb2 Rc8 46. Rxd5 Be4 47.
Rd7 Rc2+ 48. Ka3 Bc5+ 49. b4 Rc3+ 50. Kb2 Re3 51. Rxe3+ Bxe3 52. Kc3 Bc6 53. Rd6
Be4 54. g6 Bh6 55. b5 Kf4 56. b6 Ke5 57. Rd7 Kf6 58. h5 Bf4 59. Rf7+ 1-0

[Event "Online Olym Top DivB 2021"]
[Site "chess.com INT"]
[Date "2021.09.10"]
[Round "7.2"]
[Board "3"]
[White "Gitu, Paula-Alexandra"]
[Black "Tarasenka, Aliaksandra"]
[Result "0-1"]
[WhiteTitle "WFM"]
[BlackTitle "WFM"]
[WhiteElo "2113"]
[BlackElo "2124"]
[WhiteTeam "Moldova"]
[BlackTeam "Belarus"]
[WhiteFideId "13904620"]
[BlackFideId "13514288"]
[EventDate "2021.09.08"]
[EventType "team"]

1. e4 e6 2. d4 d5 3. Nd2 Nc6 4. Ngf3 Nf6 5. Bd3 Nb4 6. Qe2 Nxd3+ 7. Qxd3 Be7 8.
O-O O-O 9. e5 Nd7 10. Re1 c5 11. c3 f6 12. Nf1 fxe5 13. Nxe5 Nxe5 14. dxe5 Bd7
15. Re3 Be8 16. Ng3 Bg6 17. Qe2 d4 18. Rf3 Qd5 19. c4 Qc6 20. Rxf8+ Rxf8 21. f4
a6 22. a4 Qb6 23. a5 Qb4 24. Ne4 Qb3 25. g3 d3 26. Qe3 Qd1+ 27. Kf2 Qh1 28. Nd2
Qxh2+ 29. Ke1 Qh1+ 30. Nf1 h5 31. Qf2 h4 32. Kd2 hxg3 33. Nxg3 Qh4 34. Kc3 Bg5
35. f5 Bxf5 36. Bxg5 Qxg5 37. Rg1 Bg6 38. Qxc5 d2 39. Ne4 Qf5 0-1

[Event "Online Olym Top DivB 2021"]
[Site "chess.com INT"]
[Date "2021.09.10"]
[Round "7.2"]
[Board "4"]
[White "Ilyuchyk, Yana"]
[Black "Petricenco, Ana"]
[Result "1-0"]
[WhiteTitle "WFM"]
[WhiteElo "2170"]
[BlackElo "1910"]
[WhiteTeam "Belarus"]
[BlackTeam "Moldova"]
[WhiteFideId "13508407"]
[BlackFideId "13908596"]
[EventDate "2021.09.08"]
[EventType "team"]

1. e4 c6 2. d4 d5 3. Nc3 dxe4 4. Nxe4 Bf5 5. Ng3 Bg6 6. Nh3 Nf6 7. Nf4 e5 8.
Nxg6 hxg6 9. dxe5 Qa5+ 10. Bd2 Qxe5+ 11. Qe2 Nbd7 12. O-O-O Qxe2 13. Bxe2 Bc5
14. f3 O-O-O 15. Bc4 Rhf8 16. Bg5 Nb6 17. Bb3 Rxd1+ 18. Rxd1 Nbd5 19. Re1 Rh8
20. Ne4 Be7 21. h3 Rf8 22. Nd2 Bc5 23. a3 Re8 24. Rxe8+ Nxe8 25. Ne4 Bf8 26. Kd2
f6 27. Bh4 Nec7 28. Bg3 Kd7 29. c4 Nb6 30. Kc3 Be7 31. Bc2 f5 32. Nf2 Bf6+ 33.
Kb3 Ne6 34. Bb8 Nd4+ 35. Kc3 Nxf3+ 36. Kd3 Ne1+ 37. Kd2 Nxc2 38. Kxc2 Nxc4 39.
Bxa7 Nxb2 40. Kb3 b5 41. Be3 Nc4 42. Bc1 Ne5 43. g4 fxg4 44. hxg4 Bh4 45. Bf4
Nf3 46. Nd3 Nd4+ 47. Kb2 Bf6 48. g5 Be7 49. Ne5+ Kd8 50. Nxg6 Ne6 51. Nxe7 Kxe7
52. Be3 Kf7 53. Kb3 Kg6 54. Kb4 Nxg5 55. Kc5 Ne4+ 56. Kxc6 Nc3 57. Kc5 Kf5 58.
Bd4 Ne2 59. Bxg7 Nf4 60. Kxb5 Nd5 61. Kc6 Ke6 62. a4 Nb4+ 63. Kb7 Kd5 64. Bf8
Nc6 65. Kb6 Nd8 66. a5 Nc6 67. a6 Nb8 68. a7 Nd7+ 69. Kb7 Nxf8 70. a8=Q Ne6 71.
Qa5+ Kd6 72. Qb4+ Kd5 73. Kb6 1-0

[Event "Online Olym Top DivB 2021"]
[Site "chess.com INT"]
[Date "2021.09.10"]
[Round "7.2"]
[Board "5"]
[White "Lashkin, Jegor"]
[Black "Lazavik, Denis"]
[Result "0-1"]
[WhiteTitle "FM"]
[BlackTitle "IM"]
[WhiteElo "2386"]
[BlackElo "2440"]
[WhiteTeam "Moldova"]
[BlackTeam "Belarus"]
[WhiteFideId "13907808"]
[BlackFideId "13515110"]
[EventDate "2021.09.08"]
[EventType "team"]

1. d4 Nf6 2. c4 e6 3. Nf3 d5 4. Nc3 Be7 5. Bf4 O-O 6. e3 b6 7. Bd3 dxc4 8. Bxc4
Bb7 9. O-O Nbd7 10. Qe2 Ne4 11. Nxe4 Bxe4 12. Rac1 Bd6 13. Ne5 Nxe5 14. dxe5 Bc5
15. Rfd1 Qe7 16. f3 Bb7 17. Rd3 Rad8 18. Rcd1 a5 19. Kf1 Rxd3 20. Qxd3 Bc6 21.
b3 a4 22. Bb5 Bxb5 23. Qxb5 axb3 24. axb3 Rd8 25. Rd3 Rxd3 26. Qxd3 h6 27. Ke2
Qe8 28. Qc4 Qa8 29. Qa4 Qxa4 30. bxa4 Kf8 31. Kd3 Ke7 32. e4 h5 33. Kc4 Kd7 34.
h3 Kc6 35. g4 g6 36. Bg5 Bf2 37. Bd2 Kb7 38. a5 Ka6 39. axb6 cxb6 40. Bb4 b5+
41. Kd3 Kb6 42. Kc3 Bc5 43. Kb3 Bxb4 44. Kxb4 Kc6 45. f4 hxg4 46. hxg4 Kb6 47.
f5 Kc6 48. Kc3 Kc5 49. Kd3 b4 0-1

[Event "Online Olym Top DivB 2021"]
[Site "chess.com INT"]
[Date "2021.09.10"]
[Round "7.2"]
[Board "6"]
[White "Zeliantsova, Kseniya"]
[Black "Mihailova, Alina"]
[Result "1-0"]
[WhiteTitle "WFM"]
[WhiteElo "2056"]
[BlackElo "1884"]
[WhiteTeam "Belarus"]
[BlackTeam "Moldova"]
[WhiteFideId "13512617"]
[BlackFideId "13907018"]
[EventDate "2021.09.08"]
[EventType "team"]

1. e4 c5 2. Nf3 e6 3. Nc3 d6 4. g3 Nf6 5. Bg2 Be7 6. d4 cxd4 7. Nxd4 a6 8. O-O
O-O 9. Be3 Qc7 10. a4 Nc6 11. Nb3 b6 12. f4 Bb7 13. g4 Rfe8 14. g5 Nd7 15. Qf3
Bf8 16. Qg4 g6 17. Rf3 Bg7 18. Raf1 f5 19. gxf6 Nxf6 20. Qh4 Nb4 21. Rh3 Bh8 22.
Rf2 Rf8 23. f5 exf5 24. exf5 Nbd5 25. fxg6 Nxe3 26. gxh7+ Qxh7 27. Qxh7+ Nxh7
28. Bxb7 Rxf2 29. Kxf2 Ng4+ 30. Kg3 Ra7 31. Bd5+ Kf8 32. Kxg4 Bxc3 33. Be4 Rg7+
34. Kf5 Rf7+ 35. Kg4 Nf6+ 36. Kf3 Bxb2 37. Ke3 Ng4+ 38. Ke2 Ke7 39. Bf3 Ne5 40.
Bd5 Rg7 41. Kd2 Ba3 42. c4 Bc5 43. Rh6 Ng4 44. Re6+ Kd7 45. Re2 Rg5 46. h4 Rg7
47. h5 Rg5 48. Rg2 Bb4+ 49. Kc1 Bc3 50. h6 Bf6 51. h7 Rh5 52. Rxg4 Rxh7 53. Nd2
Re7 54. Ne4 Be5 55. Kc2 Kc7 56. Rg8 Rh7 57. Ng5 Rh2+ 58. Kd3 Ra2 59. Ne6+ Kd7
60. Nd8 Ra3+ 61. Ke4 Kc7 62. Nc6 Rxa4 63. Rf8 Kd7 64. Rf7+ Ke8 65. Kf5 b5 66.
Ke6 bxc4 67. Nxe5 dxe5 68. Bc6+ Kd8 69. Bxa4 c3 70. Kxe5 1-0

[Event "Online Olym Top DivB 2021"]
[Site "chess.com INT"]
[Date "2021.09.10"]
[Round "7.3"]
[Board "1"]
[White "Skoberne, Jure"]
[Black "Radjabov, Teimour"]
[Result "0-1"]
[WhiteTitle "GM"]
[BlackTitle "GM"]
[WhiteElo "2561"]
[BlackElo "2763"]
[WhiteTeam "Slovenia"]
[BlackTeam "Azerbaijan"]
[WhiteFideId "14604299"]
[BlackFideId "13400924"]
[EventDate "2021.09.08"]
[EventType "team"]

1. d4 Nf6 2. Nf3 e6 3. Bf4 d5 4. e3 Bd6 5. Nbd2 c5 6. Bb5+ Nc6 7. Bxd6 Qxd6 8.
c4 cxd4 9. Nxd4 O-O 10. N2f3 Nxd4 11. Qxd4 Qc7 12. O-O a6 13. Ba4 dxc4 14. Qe5
Qxe5 15. Nxe5 b5 16. Bd1 Bb7 17. Bf3 Bxf3 18. gxf3 Rfd8 19. Rfd1 Kf8 20. Kf1
Rac8 21. Ke2 Nd5 22. e4 Nf4+ 23. Ke3 Ng2+ 24. Ke2 f6 0-1

[Event "Online Olym Top DivB 2021"]
[Site "chess.com INT"]
[Date "2021.09.10"]
[Round "7.3"]
[Board "2"]
[White "Mamedov, Rauf"]
[Black "Markoja, Boris"]
[Result "1-0"]
[WhiteTitle "GM"]
[BlackTitle "IM"]
[WhiteElo "2654"]
[BlackElo "2453"]
[WhiteTeam "Azerbaijan"]
[BlackTeam "Slovenia"]
[WhiteFideId "13401653"]
[BlackFideId "14608502"]
[EventDate "2021.09.08"]
[EventType "team"]

1. e4 e6 2. d4 d5 3. e5 c5 4. c3 Nc6 5. Nf3 Qb6 6. Bd3 cxd4 7. O-O Bd7 8. Re1
Nge7 9. h4 a6 10. h5 g6 11. h6 Ng8 12. cxd4 Nxh6 13. Nc3 Nf5 14. Na4 Qc7 15. Bg5
Nfxd4 16. Nxd4 Nxd4 17. Bf6 Rg8 18. Rc1 Nc6 19. Nc5 Qb6 20. b4 Nxb4 21. Nxd7
Kxd7 22. Qa4+ Nc6 23. Rb1 Qc7 24. Rec1 Be7 25. Bxe7 Kxe7 26. Qa3+ Ke8 27. Bb5
Qe7 28. Bxc6+ bxc6 29. Qe3 Qc7 30. Rb6 Kd7 31. Qf4 Rgf8 32. Rcb1 Ra7 33. Qh6 Ke7
34. Qc1 Kd7 35. Qf4 h5 36. a4 a5 37. R1b2 Kc8 38. Qe3 c5 39. Rb8+ Qxb8 40. Qxc5+
Qc7 41. Qxf8+ Kd7 42. Qxf7+ Kd8 43. Qf8+ Kd7 44. Rb8 Qxe5 45. Qd8+ Kc6 46. Qb6+ 1-0

[Event "Online Olym Top DivB 2021"]
[Site "chess.com INT"]
[Date "2021.09.10"]
[Round "7.3"]
[Board "3"]
[White "Janzelj, Lara"]
[Black "Mammadzada, Gunay"]
[Result "0-1"]
[WhiteTitle "WIM"]
[BlackTitle "IM"]
[WhiteElo "2186"]
[BlackElo "2459"]
[WhiteTeam "Slovenia"]
[BlackTeam "Azerbaijan"]
[WhiteFideId "14608391"]
[BlackFideId "13403729"]
[EventDate "2021.09.08"]
[EventType "team"]

1. d4 Nf6 2. c4 e6 3. Nf3 d5 4. g3 Bb4+ 5. Bd2 Be7 6. Bg2 c6 7. Qc2 Nbd7 8. O-O
b6 9. b3 Ba6 10. Rd1 Rc8 11. Nc3 O-O 12. Bf4 c5 13. dxc5 Bxc5 14. Rd2 Qe7 15.
cxd5 Bb4 16. dxe6 fxe6 17. Rxd7 Qxd7 18. Bd2 Bxe2 19. Qb2 Bxf3 20. Bxf3 Qd3 0-1

[Event "Online Olym Top DivB 2021"]
[Site "chess.com INT"]
[Date "2021.09.10"]
[Round "7.3"]
[Board "4"]
[White "Mammadova, Gulnar"]
[Black "Vidic, Teja"]
[Result "0-1"]
[WhiteTitle "IM"]
[BlackTitle "WIM"]
[WhiteElo "2395"]
[BlackElo "2172"]
[WhiteTeam "Azerbaijan"]
[BlackTeam "Slovenia"]
[WhiteFideId "13403508"]
[BlackFideId "14605511"]
[EventDate "2021.09.08"]
[EventType "team"]

1. e4 e5 2. Nf3 Nc6 3. Nc3 Nf6 4. a3 d5 5. Bb5 d4 6. Ne2 Bd6 7. c3 dxc3 8. d4
Nd7 9. bxc3 O-O 10. O-O h6 11. Ng3 a6 12. Bxc6 bxc6 13. Nf5 Qf6 14. Be3 c5 15.
dxc5 Bxc5 16. Bxc5 Nxc5 17. Qd5 Bxf5 18. exf5 Na4 19. Qa5 e4 20. Nd4 Nb6 21.
Rfe1 Rfe8 22. Rab1 Re5 23. Qb4 Nd5 24. Qc4 Rae8 25. Rbd1 e3 26. f4 Nxf4 27. Qxc7
Qg5 28. g3 e2 29. Rb1 Nd3 30. Kg2 Qd2 31. Nf3 Nxe1+ 32. Rxe1 Qd5 33. g4 Re3 34.
Qf4 Rxc3 35. Kf2 Re4 36. Qb8+ Kh7 37. f6 Rxf3+ 0-1

[Event "Online Olym Top DivB 2021"]
[Site "chess.com INT"]
[Date "2021.09.10"]
[Round "7.3"]
[Board "5"]
[White "Subelj, Jan"]
[Black "Muradli, Mahammad"]
[Result "0-1"]
[WhiteTitle "IM"]
[BlackTitle "IM"]
[WhiteElo "2415"]
[BlackElo "2487"]
[WhiteTeam "Slovenia"]
[BlackTeam "Azerbaijan"]
[WhiteFideId "14618583"]
[BlackFideId "13409301"]
[EventDate "2021.09.08"]
[EventType "team"]

1. c4 e6 2. Nf3 d5 3. d4 Nf6 4. g3 Be7 5. Bg2 O-O 6. O-O dxc4 7. Qc2 a6 8. a4 c5
9. dxc5 Nc6 10. Nbd2 Bxc5 11. Nxc4 Bd7 12. Nce5 Qb6 13. Bg5 Rfc8 14. Qd2 Nxe5
15. Nxe5 Be8 16. Nd3 Be7 17. Be3 Qc7 18. Rfc1 Qd7 19. a5 Qb5 20. Rxc8 Rxc8 21.
Rc1 Bc6 22. Bc5 Bd8 23. b4 Bxg2 24. Kxg2 h6 25. f3 Nd7 26. Be3 Rxc1 27. Qxc1 Be7
28. Qc7 h5 29. h4 Kh7 30. Bb6 Qd5 31. Nf4 Qc6 32. Qxc6 bxc6 33. Nd3 f6 34. Kf2
g5 35. Bc5 Bd8 36. Bd4 Kg6 37. e4 gxh4 38. gxh4 e5 39. Bc5 f5 40. Kg3 Bc7 41.
Be7 Kf7 42. Bg5 Ke6 43. Kf2 f4 44. Ke2 c5 45. bxc5 Bxa5 46. c6 Nb8 47. Nc5+ Kf7
48. Nb7 Nxc6 49. Kd3 Bc7 50. Nc5 a5 51. Kc4 Nd4 52. Na6 Nxf3 53. Nxc7 Nxg5 54.
Kd3 Nf3 55. Nb5 Nxh4 56. Nd6+ Ke6 57. Nc4 a4 58. Ke2 Ng6 59. Kf3 Ne7 60. Na3 Nc6
61. Nc4 Nd4+ 62. Kf2 Nb5 63. Nd2 a3 64. Nb3 Nd4 65. Nc1 Kf6 66. Kg2 Kg5 67. Kh3
f3 68. Kg3 h4+ 69. Kf2 Kg4 70. Na2 h3 71. Kg1 Kg3 72. Nc3 Ne2+ 73. Kh1 Nxc3 74.
Kg1 a2 75. Kf1 a1=Q# 0-1

[Event "Online Olym Top DivB 2021"]
[Site "chess.com INT"]
[Date "2021.09.10"]
[Round "7.3"]
[Board "6"]
[White "Balajayeva, Khanim"]
[Black "Urh, Zala"]
[Result "1/2-1/2"]
[WhiteTitle "WGM"]
[BlackTitle "WIM"]
[WhiteElo "2369"]
[BlackElo "2234"]
[WhiteTeam "Azerbaijan"]
[BlackTeam "Slovenia"]
[WhiteFideId "13406396"]
[BlackFideId "14611481"]
[EventDate "2021.09.08"]
[EventType "team"]

1. e4 e5 2. Nc3 Nc6 3. g3 g6 4. Bg2 Bg7 5. d3 Nge7 6. h4 h5 7. Bg5 f6 8. Be3 d6
9. Qd2 Bg4 10. Nge2 Qd7 11. O-O-O Nd4 12. Bxd4 exd4 13. Nd5 Nxd5 14. exd5 Bh6
15. f4 O-O-O 16. Rde1 Kb8 17. Nxd4 Qa4 18. Qc3 g5 19. fxg5 fxg5 20. Kb1 gxh4 21.
Re7 Rc8 22. gxh4 Rhe8 23. Rhe1 Rxe7 24. Rxe7 Bf8 25. Re4 Qa6 26. Qb3 Qb6 27. Qc3
Bg7 28. a3 Be5 29. Qb4 Rf8 30. Qa4 a5 31. Ka2 Bf5 32. Rxe5 dxe5 33. Nf3 Bc8 34.
Nxe5 Qc5 35. Nc4 b6 36. Qb3 Bb7 37. Be4 Rd8 38. d6 cxd6 39. Nxb6 Ka7 40. Na4 Qc7
41. Bxb7 Qxb7 42. Qc3 Qd5+ 43. b3 Rb8 44. Nb2 Rb7 45. Nc4 Ka6 46. a4 Qc5 47. Qh8
d5 48. Na3 Rc7 49. Qa8+ Ra7 50. Qe8 Rb7 51. Qxh5 Re7 52. Qg6+ Kb7 53. Qf6 Re1
54. h5 Rh1 55. h6 Qg1 56. Qe7+ Kc6 57. Qe6+ Kc5 58. Qe7+ Kc6 59. Qe6+ Kc5 60.
d4+ Kb4 61. Qb6+ Kc3 62. Qxa5+ Kxd4 63. Qb6+ Ke4 64. Qxg1 Rxg1 65. a5 Rh1 66.
Nb5 Rxh6 67. Ka3 d4 68. Kb4 Kd5 69. a6 Kc6 70. Ka5 Rh5 71. a7 Kb7 72. Kb4 Rh8
73. Kc4 Rd8 74. b4 Rd7 75. Kc5 Rd8 76. Nxd4 Rc8+ 77. Kd5 Kxa7 78. c4 Kb7 79. c5
Rd8+ 80. Kc4 Rh8 81. Kb5 Rh5 82. Nc6 Rg5 83. Na5+ Kc7 84. Nc4 Rh5 85. Nd2 Rg5
86. Ne4 Rh5 87. Kc4 Rh4 88. Kd5 Rh5+ 89. Kc4 Rh4 90. Kd5 Rh5+ 91. Kc4 1/2-1/2

[Event "Online Olym Top DivB 2021"]
[Site "chess.com INT"]
[Date "2021.09.10"]
[Round "7.4"]
[Board "1"]
[White "Adly, Ahmed"]
[Black "Zeng, Chongsheng"]
[Result "1-0"]
[WhiteTitle "GM"]
[BlackTitle "GM"]
[WhiteElo "2619"]
[BlackElo "2597"]
[WhiteTeam "Egypt"]
[BlackTeam "Shenzhen China"]
[WhiteFideId "10601619"]
[BlackFideId "8603847"]
[EventDate "2021.09.08"]
[EventType "team"]

1. Nf3 d5 2. g3 Nd7 3. d4 b5 4. Bg2 Ngf6 5. a4 b4 6. c4 bxc3 7. Nxc3 e6 8. O-O
Be7 9. Ne5 Nxe5 10. dxe5 Nd7 11. e4 c6 12. exd5 cxd5 13. Qg4 g6 14. Bh6 Nxe5 15.
Qe2 Nc6 16. Rad1 Nb4 17. Rfe1 Ba6 18. Qe5 Bf6 19. Qf4 Qe7 20. Nxd5 Nxd5 21. Bxd5
Rc8 22. Rc1 Rxc1 23. Rxc1 Qd8 24. Bf3 Bd4 25. Rc7 f5 26. Bc6+ 1-0

[Event "Online Olym Top DivB 2021"]
[Site "chess.com INT"]
[Date "2021.09.10"]
[Round "7.4"]
[Board "2"]
[White "Yu, Ruiyuan"]
[Black "Fawzy, Adham"]
[Result "1-0"]
[WhiteTitle "GM"]
[BlackTitle "GM"]
[WhiteElo "2497"]
[BlackElo "2488"]
[WhiteTeam "Shenzhen China"]
[BlackTeam "Egypt"]
[WhiteFideId "8603090"]
[BlackFideId "10613129"]
[EventDate "2021.09.08"]
[EventType "team"]

1. e4 c5 2. Nf3 Nc6 3. d4 cxd4 4. Nxd4 Nf6 5. Nc3 e5 6. Ndb5 d6 7. Bg5 a6 8.
Bxf6 gxf6 9. Na3 b5 10. Nd5 Bg7 11. c3 Ne7 12. Nc2 f5 13. exf5 Bxf5 14. Nxe7
Kxe7 15. Bd3 Be6 16. Be4 Rc8 17. Ne3 Rc5 18. Nd5+ Kf8 19. Qf3 Kg8 20. b4 Rc4 21.
O-O Qg5 22. a4 Qg4 23. Qxg4 Bxg4 24. Bd3 Be6 25. Bxc4 bxc4 26. Nc7 d5 27. b5 e4
28. bxa6 Bxc3 29. a7 Kg7 30. Rab1 Bd4 31. Nxe6+ fxe6 32. Rb7+ Kg6 33. Rb8 Bxa7
34. Rxh8 e3 35. fxe3 Bxe3+ 36. Kh1 c3 37. Rc8 d4 38. Rg8+ Kh5 39. Rf3 1-0

[Event "Online Olym Top DivB 2021"]
[Site "chess.com INT"]
[Date "2021.09.10"]
[Round "7.4"]
[Board "3"]
[White "Wafa, Shahenda"]
[Black "Zhao, Xue"]
[Result "0-1"]
[WhiteTitle "WGM"]
[BlackTitle "GM"]
[WhiteElo "2120"]
[BlackElo "2486"]
[WhiteTeam "Egypt"]
[BlackTeam "Shenzhen China"]
[WhiteFideId "10609962"]
[BlackFideId "8601283"]
[EventDate "2021.09.08"]
[EventType "team"]

1. e4 c6 2. d4 d5 3. Nc3 dxe4 4. Nxe4 Nf6 5. Nxf6+ exf6 6. c3 Bd6 7. Bd3 O-O 8.
Qc2 h6 9. Ne2 Qc7 10. Be3 Nd7 11. O-O-O b5 12. g4 Nb6 13. h4 Bxg4 14. Rhg1 h5
15. Bf5 Bh2 16. Bxg4 Bxg1 17. Rxg1 hxg4 18. Rxg4 Qd7 19. Rg1 Kh8 20. Nf4 Nd5 21.
Nh5 Rg8 22. Qe4 g6 23. Nxf6 Nxf6 24. Qf4 Nh7 25. Qh6 Rae8 26. d5 Rxe3 27. fxe3
Qxd5 28. Qf4 Qxa2 29. Qd4+ f6 30. Rg2 Qa1+ 0-1